Guess the KPop artist by song (2023 Edition) - Statistics

General Stats
  • This quiz has been taken 353 times
  • The average score is 15 of 25
Answer Stats
Song Group/Singer % Correct
Queencard (G)I-dle
95%
Bite me Enhypen
92%
Cupid Fifty Fifty
91%
Unforgiven Le Sserafim
89%
Drama aespa
88%
Flower Jisoo
88%
Bouncy Ateez
84%
3D Jungkook
81%
Moonlight Sunrise Twice
80%
Super Seventeen
78%
Like Crazy Jimin
71%
Bubble StayC
68%
ASAP NewJeans
67%
Rollercoster NMIXX
63%
Off the record Ive
59%
Galileo Kep1er
58%
Do it like that TXT
53%
The Girls Blackpink
50%
Take Two BTS
45%
OOTD Dreamcatcher
30%
Karma Pixy, Black Swan
26%
Cat & Mouse Black Swan
25%
7Heaven Purple Kiss
15%
Cherry Talk TripleS
10%
Who's Next? Lapilus
5%
No matching quizzes found
Score Distribution
Percent of People with Each Score
Percentile by Number Answered
Your Score History
You have not taken this quiz